000 00399 a2200169 4500
001 192657
020 _a978-85-7406-676-9
040 _cMagnum
100 _aL´arronge, Lilli
240 1 0 _aEu grande, você pequenininho
_lpor
245 1 0 _aEu grande, você pequenininho
300 _a46
362 0 _a2015
440 1 _aCompanhia das Letrinhas
697 _aLITERATURA INFANTIL
942 _cBK
999 _c192657
_d192657